America's ancient cities / (Record no. 696)

MARC details
000 -LEADER
fixed length control field 01319cam a2200385 a 4500
005 - DATE AND TIME OF LATEST TRANSACTION
control field 20260322212030.0
008 - FIXED-LENGTH DATA ELEMENTS--GENERAL INFORMATION
fixed length control field data
010 ## - LIBRARY OF CONGRESS CONTROL NUMBER
LC control number 87034851
020 ## - INTERNATIONAL STANDARD BOOK NUMBER
International Standard Book Number 0870446274 :
Terms of availability {dollar}7.95
020 ## - INTERNATIONAL STANDARD BOOK NUMBER
International Standard Book Number 0870446320 (lib. bdg.) :
Terms of availability {dollar}9.50
020 ## - INTERNATIONAL STANDARD BOOK NUMBER
International Standard Book Number 9780870446276 :
Terms of availability {dollar}7.95
020 ## - INTERNATIONAL STANDARD BOOK NUMBER
International Standard Book Number 9780870446320 (lib. bdg.) :
Terms of availability {dollar}9.50
040 ## - CATALOGING SOURCE
Original cataloging agency DLC
Transcribing agency DLC
Modifying agency DLC
043 ## - GEOGRAPHIC AREA CODE
Geographic area code nc-----
-- n-mx---
-- nc-----
050 00 - LIBRARY OF CONGRESS CALL NUMBER
Classification number E77.9
Item number .S78 1988
082 00 - DEWEY DECIMAL CLASSIFICATION NUMBER
Classification number 970.01
Edition information 19
092 ## - LOCALLY ASSIGNED DEWEY CALL NUMBER (OCLC)
Classification number 970.01 S78 1988
001 - CONTROL NUMBER
control field data
100 1# - MAIN ENTRY--PERSONAL NAME
Personal name Stuart, Gene S.
245 10 - TITLE STATEMENT
Title America's ancient cities /
Statement of responsibility, etc. Gene S. Stuart & National Geographic Society (U.S.).
260 ## - PUBLICATION, DISTRIBUTION, ETC.
Place of publication, distribution, etc. Washington, D.C. :
Name of publisher, distributor, etc. The Society,
Date of publication, distribution, etc. [c1988]
300 ## - PHYSICAL DESCRIPTION
Extent 199 p. :
Other physical details col. ill. ;
Dimensions 26 cm.
500 ## - GENERAL NOTE
General note Includes index.
504 ## - BIBLIOGRAPHY, ETC. NOTE
Bibliography, etc. note Bibliography: p. 199.
650 #0 - SUBJECT ADDED ENTRY--TOPICAL TERM
Topical term or geographic name entry element Indians of North America
General subdivision Antiquities.
650 #0 - SUBJECT ADDED ENTRY--TOPICAL TERM
Topical term or geographic name entry element Extinct cities
Geographic subdivision North America.
650 #0 - SUBJECT ADDED ENTRY--TOPICAL TERM
Topical term or geographic name entry element Indians of Mexico
General subdivision Antiquities.
650 #0 - SUBJECT ADDED ENTRY--TOPICAL TERM
Topical term or geographic name entry element Extinct cities
Geographic subdivision Mexico.
650 #0 - SUBJECT ADDED ENTRY--TOPICAL TERM
Topical term or geographic name entry element Indians of Central America
General subdivision Antiquities.
650 #0 - SUBJECT ADDED ENTRY--TOPICAL TERM
Topical term or geographic name entry element Extinct cities
Geographic subdivision Central America.
651 #0 - SUBJECT ADDED ENTRY--GEOGRAPHIC NAME
Geographic name North America
General subdivision Antiquities.
651 #0 - SUBJECT ADDED ENTRY--GEOGRAPHIC NAME
Geographic name Central America
General subdivision Antiquities.
651 #0 - SUBJECT ADDED ENTRY--GEOGRAPHIC NAME
Geographic name Mexico
General subdivision Antiquities.
710 2# - ADDED ENTRY--CORPORATE NAME
Corporate name or jurisdiction name as entry element National Geographic Society (U.S.).
Subordinate unit Special Publications Division.
Holdings
Withdrawn status Lost status Damaged status Not for loan Home library Current library Shelving location Date acquired Total checkouts Full call number Barcode Date last seen Price effective from Koha item type
        Midway Midway General stacks 22/03/2026   970.01 19 BC0010713 22/03/2026 22/03/2026 Books